000 00900nam a2200229Ii 4500
003 JO-AjNU
008 230605s9999||||xx |||||||||||||| ||und||
017 _a2008/11/3813
020 _a9957-16-491-1
040 _aJO-AjNU
_bara
_erda
_cJO-AjNU
041 _aara
050 1 4 _aKMM423.H82.2009
100 3 _a الحديثي ، فخري عبد الرزاق ، الزعبي ، خالد حميدي,
_eauthor
_931296
245 0 0 _aالموسوعة الجنائية 3 شرح قانون العقوبات القسم الخاص الجرائم الواقعة على الأموال
250 _aط1
264 3 1 _aعمان : دار الثقافة ، 2009
300 _aج3، 416ص
336 _atext
_btxt
_2rdacontent
337 _aunmediated
_bn
_2rdamedia
338 _avolume
_bnc
_2rdacarrier
650 4 _aالقانون الجنائي -- العقوبات -- الأردن - الجريمة
_931297
999 _aA12504
_c16072
_d16072